[Event "TUN-ch Prel"]
[Site "Monastir"]
[Date "2024.12.22"]
[Round "2"]
[White "Mendili, Jahed"]
[Black "Charfeddine, Akrem"]
[Result "1/2-1/2"]
[WhiteElo "1701"]
[BlackElo "1925"]
[PlyCount "103"]
[EventDate "2024.12.21"]
[EventType "swiss"]
[EventRounds "9"]
[EventCountry "TUN"]
[SourceTitle "CB02_2025"]
[SourceDate "2025.01.08"]
[SourceVersion "1"]
[SourceVersionDate "2025.01.08"]
[SourceQuality "1"]

1. e4 c5 2. Nf3 d6 3. d4 cxd4 4. Nxd4 Nf6 5. Nc3 a6 6. Bg5 e6 7. f4 Nbd7 8. Qf3 Qc7 9. 0-0-0 Be7 10. Bd3 Nc5 11. Rhe1 Nxd3+ 12. Rxd3 0-0 13. g4 b5 14. Bh4 b4 15. Nce2 Bb7 16. Ng3 Rfc8 17. Rd2 Nxe4 18. Nxe4 Bxh4 19. Ree2 Bxe4 20. Qxe4 Bf6 21. g5 Be7 22. h4 d5 23. Qf3 Bd6 24. Rf2 Bc5 25. Rg2 Qb6 26. Qd3 g6 27. Rge2 Bxd4 28. Qxd4 Qxd4 29. Rxd4 a5 30. Rh2 Rc7 31. h5 gxh5 32. Rxh5 Rc4 33. Rxc4 dxc4 34. Rh3 Rd8 35. c3 Kg7 36. Kc2 Rd5 37. Re3 Kg6 38. Re4 Rc5 39. Kd2 Kf5 40. Ke3 e5 41. fxe5 Rxe5 42. Rxe5+ Kxe5 43. cxb4 axb4 44. a4 Kd5 45. a5 Kc5 46. a6 Kb6 47. Kd4 c3 48. bxc3 b3 49. Kd3 Kxa6 50. Kd2 Kb5 51. Kc1 Kc5 52. Kb1 1/2-1/2

[Event "TUN-ch sf"]
[Site "Monastir"]
[Date "2024.03.25"]
[Round "7"]
[White "Jalleli, Youssef"]
[Black "Charfeddine, Akrem"]
[Result "0-1"]
[WhiteElo "1639"]
[BlackElo "1953"]
[PlyCount "84"]
[EventDate "2024.03.21"]
[EventType "swiss"]
[EventRounds "9"]
[EventCountry "TUN"]
[SourceTitle "CBM 219 Extra"]
[Source "ChessBase"]
[SourceDate "2024.05.31"]
[SourceVersion "1"]
[SourceVersionDate "2024.05.31"]
[SourceQuality "1"]

1. e4 c5 2. Nf3 d6 3. d4 cxd4 4. Nxd4 Nf6 5. Nc3 a6 6. Be3 e5 7. Nf3 Be6 8. Ng5 Bg4 9. Qd2 h6 10. Nf3 b5 11. a3 Nbd7 12. Rd1 Rc8 13. Be2 Nc5 14. Bxc5 Rxc5 15. h3 Be6 16. Qe3 Qc8 17. 0-0 g5 18. Nh2 Be7 19. Ng4 Nd7 20. Qd2 h5 21. Ne3 Nb6 22. f3 Kf8 23. Qe1 Qc6 24. Qg3 h4 25. Qf2 Kg7 26. Rd2 Qc8 27. Rfd1 Rh6 28. Ng4 Bxg4 29. fxg4 Rf6 30. Qe3 Rf4 31. Bd3 d5 32. exd5 Rxc3 33. Qxe5+ Bf6 34. Qe3 Qc5 35. Qxc5 Rxc5 36. Bf5 Nc4 37. b4 Rc7 38. d6 Ra7 39. Re2 Bd4+ 40. Rxd4 Rxd4 41. d7 Rd1+ 42. Kh2 Rdxd7 0-1

[Event "TUN-ch sf"]
[Site "Monastir"]
[Date "2024.03.24"]
[Round "6"]
[White "Charfeddine, Akrem"]
[Black "Zouari, Mohanned"]
[Result "0-1"]
[WhiteElo "1953"]
[BlackElo "1770"]
[PlyCount "110"]
[EventDate "2024.03.21"]
[EventType "swiss"]
[EventRounds "9"]
[EventCountry "TUN"]
[SourceTitle "CBM 219 Extra"]
[Source "ChessBase"]
[SourceDate "2024.05.31"]
[SourceVersion "1"]
[SourceVersionDate "2024.05.31"]
[SourceQuality "1"]

1. e4 c5 2. Nf3 d6 3. d4 cxd4 4. Nxd4 Nf6 5. Nc3 g6 6. f3 Bg7 7. Be3 0-0 8. Qd2 Nc6 9. Bc4 Bd7 10. Bb3 Rc8 11. 0-0-0 Ne5 12. Bh6 Nc4 13. Bxc4 Bxh6 14. Qxh6 Rxc4 15. Qd2 Qa5 16. Kb1 Qc5 17. Nb3 Qb6 18. g4 Be6 19. Nd5 Bxd5 20. exd5 Rfc8 21. Rc1 Qb5 22. Rhd1 a5 23. g5 Nd7 24. Qxa5 Qxa5 25. Nxa5 R4c5 26. Nb3 Rc4 27. Re1 Ne5 28. Re4 Rxe4 29. fxe4 Nf3 30. h4 Nxh4 31. c4 Nf3 32. c5 Nxg5 33. c6 bxc6 34. dxc6 Nxe4 35. Na5 Kf8 36. b4 Ke8 37. Nb7 Nc5 38. b5 Na4 39. Rc4 Nb6 40. Rh4 h5 41. a4 Ra8 42. a5 Nd5 43. Kb2 f5 44. Kb3 f4 45. Kc4 Ne3+ 46. Kd3 Ng2 47. Rh3 h4 48. Ke4 g5 49. a6 g4 50. Rc3 f3 51. Rxf3 gxf3 52. Kxf3 h3 53. Kg3 Nf4 54. Kh2 Nd5 55. Kxh3 Nc7 0-1

[Event "TUN-ch sf"]
[Site "Monastir"]
[Date "2024.03.23"]
[Round "4"]
[White "Charfeddine, Akrem"]
[Black "Barrani, Adem"]
[Result "1/2-1/2"]
[WhiteElo "1953"]
[BlackElo "1752"]
[PlyCount "123"]
[EventDate "2024.03.21"]
[EventType "swiss"]
[EventRounds "9"]
[EventCountry "TUN"]
[SourceTitle "CBM 219 Extra"]
[Source "ChessBase"]
[SourceDate "2024.05.31"]
[SourceVersion "1"]
[SourceVersionDate "2024.05.31"]
[SourceQuality "1"]

1. e4 e6 2. d4 d5 3. exd5 exd5 4. Bd3 Nf6 5. Nf3 c5 6. Qe2+ Qe7 7. Qxe7+ Bxe7 8. dxc5 Bxc5 9. 0-0 0-0 10. Nc3 h6 11. h3 Nc6 12. a3 a6 13. Re1 Be6 14. Bf4 Rac8 15. g4 Nd4 16. Nxd4 Bxd4 17. Be5 Bxe5 18. Rxe5 Nd7 19. Ree1 Nc5 20. Rad1 g5 21. Rd2 d4 22. Ne2 Nxd3 23. cxd3 Rfd8 24. Rc1 Rxc1+ 25. Nxc1 f5 26. f3 Kf7 27. Rc2 Rd7 28. Kf2 Ke7 29. Ne2 Kf6 30. Rc5 Rd6 31. b4 b6 32. Rc7 fxg4 33. hxg4 Ke5 34. Ra7 b5 35. Rc7 Bd5 36. Re7+ Re6 37. Rf7 Rc6 38. Rf5+ Kd6 39. Nxd4 Rc3 40. Ke2 Rxa3 41. Kd2 Ra2+ 42. Ke3 Ra3 43. Nc2 Ra2 44. Nd4 Ra3 45. Rf6+ Ke5 46. Rxh6 Bc4 47. Nc6+ Kd5 48. Na5 Rxd3+ 49. Kf2 Rd2+ 50. Kg3 Bf1 51. f4 gxf4+ 52. Kxf4 Rd4+ 53. Kf3 Rxb4 54. Rxa6 Ra4 55. g5 b4 56. Ra8 Ke6 57. Kf2 Ra1 58. Re8+ Kd7 59. Re5 Kd6 60. Re1 Rxa5 61. Kxf1 Rxg5 62. Ke2 1/2-1/2

[Event "TUN-ch sf"]
[Site "Monastir"]
[Date "2024.03.22"]
[Round "3"]
[White "Mezni, Elyes"]
[Black "Charfeddine, Akrem"]
[Result "1-0"]
[WhiteElo "1829"]
[BlackElo "1953"]
[PlyCount "93"]
[EventDate "2024.03.21"]
[EventType "swiss"]
[EventRounds "9"]
[EventCountry "TUN"]
[SourceTitle "CBM 219 Extra"]
[Source "ChessBase"]
[SourceDate "2024.05.31"]
[SourceVersion "1"]
[SourceVersionDate "2024.05.31"]
[SourceQuality "1"]

1. e4 c5 2. Nf3 d6 3. d4 cxd4 4. Qxd4 Nc6 5. Bb5 Bd7 6. Bxc6 bxc6 7. c4 e5 8. Qd3 Be7 9. Nc3 Bg4 10. b3 Nf6 11. 0-0 h6 12. Rd1 0-0 13. h3 Bxf3 14. Qxf3 Qc8 15. Ne2 Kh7 16. Ng3 g6 17. Qe3 Ng8 18. f4 exf4 19. Qxf4 Bf6 20. Rb1 Be5 21. Qf3 Qe6 22. Bf4 a5 23. Ne2 a4 24. Nd4 Qe8 25. b4 Rb8 26. b5 cxb5 27. cxb5 Ne7 28. Be3 f5 29. b6 f4 30. Bf2 Nc6 31. Nb5 Qe6 32. Rd5 Ne7 33. Nc7 Qg8 34. Rdd1 Qxa2 35. b7 Nc6 36. Na6 Rbd8 37. Kh1 d5 38. exd5 Nb8 39. Nxb8 Bxb8 40. Bc5 Rf7 41. d6 Rdd7 42. Re1 Rf5 43. Rbc1 Bxd6 44. Bxd6 Rxd6 45. Re7+ Kg8 46. Qc3 Rdf6 47. Qxf6 1-0

[Event "TUN-ch Subsidiaire"]
[Site "Hammamet"]
[Date "2020.10.03"]
[Round "9"]
[White "Charfeddine, Akrem"]
[Black "Kaabi, Iheb"]
[Result "1-0"]
[WhiteElo "1934"]
[BlackElo "1740"]
[PlyCount "119"]
[EventDate "2020.09.28"]
[EventType "swiss"]
[EventRounds "9"]
[EventCountry "TUN"]
[SourceTitle "CBM 198 Extra"]
[Source "ChessBase"]
[SourceDate "2020.11.30"]
[SourceVersion "1"]
[SourceVersionDate "2020.11.30"]
[SourceQuality "1"]

1. e4 e5 2. Nf3 Nc6 3. Bb5 Nge7 4. d4 exd4 5. Nxd4 Ng6 6. 0-0 Bc5 7. Be3 Nxd4 8. Bxd4 Bxd4 9. Qxd4 0-0 10. Nc3 Qg5 11. g3 d6 12. f4 Qh5 13. f5 Ne5 14. Be2 Qg5 15. Rf4 Bd7 16. f6 Ng6 17. Rf2 Qe5 18. Qd2 Be6 19. Raf1 Qc5 20. Kg2 Rad8 21. Rf5 Bxf5 22. exf5 gxf6 23. fxg6 fxg6 24. Bf3 c6 25. Re1 d5 26. Re2 Rfe8 27. a3 Re5 28. Rf2 Rde8 29. Ne2 b5 30. Nf4 Qd6 31. h4 Kg7 32. c3 a5 33. b4 axb4 34. axb4 Ra8 35. Qd4 Ra1 36. Nd3 Re7 37. c4 Ra3 38. cxd5 cxd5 39. Nf4 Re1 40. Bxd5 Raa1 41. Qc3 Rac1 42. Qb2 Rb1 43. Qc3 Rbc1 44. Qd4 Rcd1 45. Qc5 Rg1+ 46. Kf3 Qxc5 47. bxc5 g5 48. hxg5 fxg5 49. Ne2 Rh1 50. Bb7 Rd7 51. c6 Rc7 52. Nd4 Rf7+ 53. Kg2 Rxf2+ 54. Kxh1 Rf1+ 55. Kg2 Rc1 56. c7 Rxc7 57. Ne6+ Kg6 58. Nxc7 b4 59. Bd5 h5 60. Kh3 1-0

[Event "TUN-ch Subsidiaire"]
[Site "Hammamet"]
[Date "2020.10.02"]
[Round "8"]
[White "Ben Ammar, Mohamed"]
[Black "Charfeddine, Akrem"]
[Result "1-0"]
[WhiteElo "2105"]
[BlackElo "1934"]
[PlyCount "80"]
[EventDate "2020.09.28"]
[EventType "swiss"]
[EventRounds "9"]
[EventCountry "TUN"]
[SourceTitle "CBM 198 Extra"]
[Source "ChessBase"]
[SourceDate "2020.11.30"]
[SourceVersion "1"]
[SourceVersionDate "2020.11.30"]
[SourceQuality "1"]

1. d4 d5 2. Nf3 Nf6 3. c4 g6 4. Nc3 Bg7 5. Bg5 Ne4 6. Bh4 Nxc3 7. bxc3 dxc4 8. Qa4+ Qd7 9. Qxc4 0-0 10. e3 c6 11. a4 Na6 12. Qb3 Nc7 13. Be2 Nd5 14. a5 a6 15. 0-0 Nf6 16. Ne5 Qe8 17. Bc4 Ne4 18. Rfd1 Nd6 19. Nd3 Nf5 20. Bg3 Nxg3 21. hxg3 e5 22. Nc5 Qe7 23. Rab1 h5 24. Qb6 h4 25. gxh4 Qxh4 26. Qc7 exd4 27. cxd4 Bf6 28. Nxb7 Kg7 29. Nd6 Be7 30. Nxf7 Rxf7 31. Bxf7 Kxf7 32. Qxc6 Bf5 33. Qd5+ Kg7 34. Qxa8 Be4 35. Qb8 Bf6 36. Rb7+ Kh6 37. Qf8+ Kg5 38. Rb6 Kf5 39. Qxf6+ Qxf6 40. Rxf6+ Kxf6 1-0

[Event "Sousse Sahel op"]
[Site "Sousse"]
[Date "2019.04.24"]
[Round "9"]
[White "Charfeddine, Akrem"]
[Black "Messaoudi, Med Al Fethi"]
[Result "1-0"]
[WhiteElo "2015"]
[BlackElo "1848"]
[PlyCount "83"]
[EventDate "2019.04.19"]
[EventType "swiss"]
[EventRounds "9"]
[EventCountry "TUN"]
[SourceTitle "CBM 190 Extra"]
[Source "ChessBase"]
[SourceDate "2019.07.15"]
[SourceVersion "1"]
[SourceVersionDate "2019.07.15"]
[SourceQuality "1"]

1. e4 c5 2. Nf3 d6 3. d4 cxd4 4. Nxd4 Nf6 5. Nc3 a6 6. f3 e6 7. Be3 Qc7 8. g4 h6 9. Qd2 b5 10. 0-0-0 Bb7 11. Kb1 Nbd7 12. Bd3 b4 13. Nce2 d5 14. exd5 Nxd5 15. Bf2 Be7 16. h4 Qb6 17. Qe1 Bc5 18. Rf1 Nc3+ 19. bxc3 bxc3+ 20. Nb3 a5 21. Bxc5 Nxc5 22. Qxc3 Nxd3 23. Rxd3 a4 24. Qd4 Qb5 25. Qc5 Ba6 26. Qxb5+ Bxb5 27. Rd2 axb3 28. axb3 Ke7 29. c4 Bc6 30. Kb2 Rhc8 31. Nd4 Be8 32. f4 Ra6 33. Ra1 Rb6 34. Kc3 Rb7 35. g5 hxg5 36. hxg5 Bd7 37. Re2 Kd6 38. Ra6+ Kc7 39. g6 Rf8 40. gxf7 Rxf7 41. Nxe6+ Kb8 42. Nd8 1-0

[Event "Sousse Sahel op"]
[Site "Sousse"]
[Date "2019.04.23"]
[Round "7"]
[White "Charfeddine, Akrem"]
[Black "Ben Ghanem, Hamed"]
[Result "0-1"]
[WhiteElo "2015"]
[BlackElo "2010"]
[PlyCount "155"]
[EventDate "2019.04.19"]
[EventType "swiss"]
[EventRounds "9"]
[EventCountry "TUN"]
[SourceTitle "CBM 190 Extra"]
[Source "ChessBase"]
[SourceDate "2019.07.15"]
[SourceVersion "1"]
[SourceVersionDate "2019.07.15"]
[SourceQuality "1"]

1. e4 d5 2. exd5 Qxd5 3. Nc3 Qd8 4. Bc4 Nf6 5. Nf3 e6 6. d3 a6 7. a4 Be7 8. h3 c5 9. 0-0 Nc6 10. Re1 0-0 11. Bf4 b6 12. Be3 Nd4 13. Bxd4 cxd4 14. Ne2 Bc5 15. Ng3 Bb7 16. Ng5 Re8 17. N5e4 Bb4 18. Rf1 Bc6 19. Qf3 Kf8 20. Qe2 Be7 21. Ng5 Qd7 22. Rfe1 Bb4 23. Red1 h6 24. Nf3 Qb7 25. Kh1 Rad8 26. Rg1 b5 27. axb5 axb5 28. Bb3 Qc7 29. Ne5 Bb7 30. f4 Nd5 31. Raf1 Bd6 32. Qh5 Nxf4 33. Rxf4 Bxe5 34. Rxf7+ Qxf7 35. Qxe5 Qg6 36. Kh2 Bd5 37. Qxd4 Kg8 38. Bxd5 Rxd5 39. Qe4 Qxe4 40. Nxe4 b4 41. Re1 Rc8 42. Re2 b3 43. cxb3 Rxd3 44. Nc3 Kf7 45. b4 Rcd8 46. Ne4 R8d4 47. Nc5 Rd2 48. Nxe6 Rxe2 49. Nxd4 Rxb2 50. Nc6 Ke6 51. Nd4+ Ke5 52. Nc6+ Ke4 53. Kg3 g5 54. Kh2 h5 55. Kg3 h4+ 56. Kh2 Kf4 57. Ne7 Rb1 58. Nd5+ Ke5 59. Ne3 Rxb4 60. Ng4+ Kf4 61. Nh6 Rb2 62. Ng4 Ra2 63. Nh6 Ke3 64. Ng4+ Ke2 65. Kg1 Ra1+ 66. Kh2 Rf1 67. Nh6 Rf4 68. Kg1 Ra4 69. Ng4 Ra3 70. Nh6 Ra1+ 71. Kh2 Kf1 72. Ng4 Re1 73. Kh1 Re2 74. Nh2+ Kf2 75. Nf3 Kg3 76. Ng1 Rxg2 77. Nf3 Ra2 78. Ng1 0-1

[Event "Sousse Sahel op"]
[Site "Sousse"]
[Date "2019.04.22"]
[Round "6"]
[White "Amellal, Sofiane Anis"]
[Black "Charfeddine, Akrem"]
[Result "0-1"]
[WhiteElo "1957"]
[BlackElo "2015"]
[PlyCount "69"]
[EventDate "2019.04.19"]
[EventType "swiss"]
[EventRounds "9"]
[EventCountry "TUN"]
[SourceTitle "CBM 190 Extra"]
[Source "ChessBase"]
[SourceDate "2019.07.15"]
[SourceVersion "1"]
[SourceVersionDate "2019.07.15"]
[SourceQuality "1"]

1. e4 c5 2. Nf3 d6 3. d3 Nc6 4. Nbd2 Nf6 5. g3 Bg4 6. Bg2 Qc8 7. h3 Bd7 8. Qe2 e5 9. c3 b5 10. Nf1 h6 11. Ne3 Rb8 12. Nh4 g6 13. f4 exf4 14. Nd5 Nxd5 15. exd5+ Ne7 16. Bxf4 g5 17. Bxd6 gxh4 18. Qe5 f6 19. Qxf6 Rg8 20. Rf1 Bf5 21. Rxf5 Qxf5 22. Qxf5 Nxf5 23. Bxb8 hxg3 24. Kd2 a5 25. Rf1 Nh4 26. Be4 g2 27. Rg1 Kd7 28. Bf4 h5 29. d4 cxd4 30. cxd4 Bd6 31. Be5 Re8 32. Ke3 Rxe5 33. dxe5 Bc5+ 34. Kf4 Bxg1 35. Kg5 0-1

[Event "TUN-chTB"]
[Site "Hammamet"]
[Date "2019.03.09"]
[Round "4.4"]
[White "Charfeddine, Akrem"]
[Black "Shili, Mohamed"]
[Result "1-0"]
[WhiteElo "2015"]
[BlackElo "1840"]
[PlyCount "54"]
[EventDate "2019.02.09"]
[EventType "team-tourn"]
[EventRounds "11"]
[EventCountry "TUN"]
[SourceTitle "EXT 2021"]
[Source "ChessBase"]
[SourceDate "2020.10.23"]
[SourceVersion "1"]
[SourceVersionDate "2020.10.23"]
[SourceQuality "1"]

1. e4 e5 2. Nf3 d6 3. d4 exd4 4. Nxd4 Nf6 5. Nc3 Be7 6. f3 a6 7. Be3 Bd7 8. Qd2 Nc6 9. Nxc6 Bxc6 10. 0-0-0 Qd7 11. g4 h6 12. h4 b5 13. Bh3 Qd8 14. g5 Nd7 15. f4 Nb6 16. Bxb6 cxb6 17. Nd5 Rb8 18. Qc3 Bxd5 19. Qxg7 Rf8 20. exd5 hxg5 21. hxg5 Qc7 22. Rhe1 Kd8 23. Re4 f5 24. Re6 Rc8 25. Rd2 Re8 26. Rde2 Qc4 27. Rxe7 Qxf4+ 1-0

[Event "Arab Cities"]
[Site "Hammamet"]
[Date "2019.02.22"]
[Round "3.2"]
[White "Ameir, Moheb"]
[Black "Charfeddine, Akrem"]
[Result "1-0"]
[WhiteElo "2286"]
[BlackElo "2006"]
[PlyCount "63"]
[EventDate "2019.02.21"]
[EventType "team-swiss"]
[EventRounds "7"]
[EventCountry "TUN"]
[SourceTitle "CBM 189 Extra"]
[Source "ChessBase"]
[SourceDate "2019.05.31"]
[SourceVersion "1"]
[SourceVersionDate "2019.05.31"]
[SourceQuality "1"]
[WhiteTeam "Cairo"]
[BlackTeam "Sfax"]
[WhiteTeamCountry "EGY"]
[BlackTeamCountry "TUN"]

1. e4 c5 2. Nf3 d6 3. Bb5+ Bd7 4. Bxd7+ Nxd7 5. 0-0 Ngf6 6. Qe2 g6 7. c3 Bg7 8. d4 cxd4 9. cxd4 0-0 10. Nc3 e6 11. e5 dxe5 12. dxe5 Ng4 13. Bf4 Qa5 14. Rfe1 Nb6 15. h3 Nh6 16. Bg5 Kh8 17. Nd4 Nd5 18. Nxd5 Qxd5 19. Nb5 Qc6 20. a4 Ng8 21. Rac1 Qa6 22. Qe4 Rab8 23. Be3 f5 24. exf6 Nxf6 25. Qh4 Nd5 26. Nc7 Qa5 27. Nxe6 Nxe3 28. Nxf8 Rxf8 29. Rxe3 Bf6 30. Qg4 Bxb2 31. Rc8 Bg7 32. Ree8 1-0

[Event "Arab Cities"]
[Site "Hammamet"]
[Date "2019.02.21"]
[Round "1.3"]
[White "Jmila, Omar"]
[Black "Charfeddine, Akrem"]
[Result "1/2-1/2"]
[WhiteElo "2121"]
[BlackElo "2006"]
[PlyCount "40"]
[EventDate "2019.02.21"]
[EventType "team-swiss"]
[EventRounds "7"]
[EventCountry "TUN"]
[SourceTitle "CBM 189 Extra"]
[Source "ChessBase"]
[SourceDate "2019.05.31"]
[SourceVersion "1"]
[SourceVersionDate "2019.05.31"]
[SourceQuality "1"]
[WhiteTeam "Ariana"]
[BlackTeam "Sfax"]
[WhiteTeamCountry "TUN"]
[BlackTeamCountry "TUN"]

1. Nf3 c5 2. g3 Nc6 3. Bg2 Nf6 4. c4 d5 5. cxd5 Nxd5 6. Qa4 e6 7. Ne5 Bd7 8. Nxd7 Qxd7 9. Nc3 Be7 10. Qg4 h5 11. Qe4 Rd8 12. h4 a6 13. 0-0 0-0 14. b3 g6 15. Qb1 Kh7 16. Bb2 f5 17. Rc1 Nxc3 18. Bxc3 b6 19. e3 a5 20. Qb2 Nb4 1/2-1/2

[Event "TUN-ch"]
[Site "Hammamet"]
[Date "2018.02.20"]
[Round "8"]
[White "Azaiez, Fahmi"]
[Black "Charfeddine, Akrem"]
[Result "1-0"]
[WhiteElo "2113"]
[BlackElo "2012"]
[PlyCount "93"]
[EventDate "2018.02.14"]
[EventType "tourn"]
[EventRounds "11"]
[EventCountry "TUN"]
[SourceTitle "CBM 183 Extra"]
[Source "ChessBase"]
[SourceDate "2018.04.19"]
[SourceVersion "1"]
[SourceVersionDate "2018.04.19"]
[SourceQuality "1"]

1. d4 Nf6 2. c4 g6 3. Nc3 Bg7 4. e4 d6 5. Be2 0-0 6. Be3 e5 7. d5 c6 8. h3 cxd5 9. cxd5 Ne8 10. g4 h6 11. Qd2 Kh7 12. Bd3 Rh8 13. Nge2 Kg8 14. 0-0-0 b6 15. Kb1 Nd7 16. Bb5 Nc5 17. Bc6 Rb8 18. b4 Nd7 19. Rc1 a6 20. h4 h5 21. g5 Bf8 22. f3 Kh7 23. Rhf1 Bg7 24. Ng3 Rf8 25. Qe2 Rh8 26. Rf2 Kg8 27. Nf1 Rh7 28. Nd2 Qc7 29. Qd3 Kf8 30. Ne2 Ke7 31. Nc4 a5 32. a3 Rh8 33. Nc3 Qd8 34. Nb5 Ba6 35. Rb2 f6 36. Bd2 Bf8 37. gxf6+ Kf7 38. Bg5 axb4 39. axb4 Bxb5 40. Bxb5 Nexf6 41. f4 exf4 42. Bxd7 Qxd7 43. Bxf6 Kxf6 44. Qd4+ Kf7 45. Qxh8 Re8 46. Qh7+ Bg7 47. Rg1 1-0

[Event "TUN-ch"]
[Site "Hammamet"]
[Date "2018.02.19"]
[Round "7"]
[White "Charfeddine, Akrem"]
[Black "Bouzidi, Ahmed"]
[Result "0-1"]
[WhiteElo "2012"]
[BlackElo "2247"]
[PlyCount "114"]
[EventDate "2018.02.14"]
[EventType "tourn"]
[EventRounds "11"]
[EventCountry "TUN"]
[SourceTitle "CBM 183 Extra"]
[Source "ChessBase"]
[SourceDate "2018.04.19"]
[SourceVersion "1"]
[SourceVersionDate "2018.04.19"]
[SourceQuality "1"]

1. e4 Nf6 2. e5 Nd5 3. c4 Nb6 4. d4 d6 5. exd6 exd6 6. Nf3 Bg4 7. h3 Bh5 8. Be2 Be7 9. Nc3 0-0 10. 0-0 Nc6 11. d5 Nb8 12. b3 Bf6 13. Bb2 Re8 14. Qd2 N8d7 15. Rfe1 a5 16. g4 Bg6 17. Bd3 Ne5 18. Nxe5 Bxe5 19. f4 Bd4+ 20. Kg2 Bxd3 21. Qxd3 Rxe1 22. Rxe1 Qh4 23. Re2 Bc5 24. Ne4 h5 25. Ng5 hxg4 26. Qf5 gxh3+ 27. Kh2 Rf8 28. Nxh3 Qh7 29. Rg2 f6 30. Rg6 Nd7 31. Qe6+ Rf7 32. Rg2 Nf8 33. Qg4 Qh6 34. Qc8 g6 35. Qxb7 Be3 36. Kg3 Rh7 37. Qc8 Qh4+ 38. Kf3 Qxh3+ 39. Qxh3 Rxh3+ 40. Kg4 Rh5 41. Kf3 Bb6 42. Bxf6 Kf7 43. Bd8 Ke8 44. Bg5 Nh7 45. Re2+ Kf7 46. Bd8 Rf5 47. Kg3 Kg7 48. a3 Rf8 49. Re7+ Rf7 50. Re2 Nf6 51. Bxf6+ Kxf6 52. Kg4 Re7 53. Rc2 Bc5 54. b4 axb4 55. axb4 Bxb4 56. Rb2 Bc5 57. Rc2 Re4 0-1

[Event "TUN-ch"]
[Site "Hammamet"]
[Date "2018.02.18"]
[Round "5"]
[White "Charfeddine, Akrem"]
[Black "Chamam, Nazih"]
[Result "0-1"]
[WhiteElo "2012"]
[BlackElo "2023"]
[PlyCount "56"]
[EventDate "2018.02.14"]
[EventType "tourn"]
[EventRounds "11"]
[EventCountry "TUN"]
[SourceTitle "CBM 183 Extra"]
[Source "ChessBase"]
[SourceDate "2018.04.19"]
[SourceVersion "1"]
[SourceVersionDate "2018.04.19"]
[SourceQuality "1"]

1. e4 Nf6 2. e5 Nd5 3. d4 d6 4. c4 Nb6 5. Nf3 Bg4 6. exd6 cxd6 7. Be3 g6 8. h3 Bxf3 9. Qxf3 Nc6 10. Nc3 Bg7 11. Rd1 0-0 12. h4 e5 13. d5 Nd4 14. Qh3 Nc2+ 15. Kd2 Nxe3 16. Qxe3 Rc8 17. b3 f5 18. Ke1 e4 19. Ne2 Nd7 20. f4 exf3 21. gxf3 Re8 22. Qd2 Qb6 23. Bg2 Re3 24. Kf1 Rce8 25. Nc1 Bc3 26. c5 Qa6+ 27. Qd3 Rxd3 28. Nxd3 Nxc5 0-1

[Event "TUN-ch"]
[Site "Hammamet"]
[Date "2016.12.09"]
[Round "7"]
[White "Azaiez, Fahmi"]
[Black "Charfeddine, Akrem"]
[Result "1-0"]
[WhiteElo "2135"]
[BlackElo "1978"]
[PlyCount "103"]
[EventDate "2016.12.05"]
[EventType "swiss"]
[EventRounds "9"]
[EventCountry "TUN"]
[SourceTitle "CBM 176 Extra"]
[Source "ChessBase"]
[SourceDate "2017.03.02"]
[SourceVersion "1"]
[SourceVersionDate "2017.03.02"]
[SourceQuality "1"]

1. e4 c5 2. Nf3 d6 3. d4 cxd4 4. Nxd4 a6 5. c4 Nf6 6. Nc3 e6 7. Be2 Be7 8. Be3 Bd7 9. 0-0 Nc6 10. Rc1 Nxd4 11. Qxd4 0-0 12. Rfd1 Bc6 13. f3 Qa5 14. Qd2 Rfd8 15. Nd5 Qxd2 16. Nxe7+ Kf8 17. Rxd2 Kxe7 18. Bb6 Rdc8 19. Rcd1 d5 20. cxd5 exd5 21. exd5 Bxd5 22. Rxd5 Nxd5 23. Rxd5 Rc2 24. Re5+ Kd7 25. Bd4 f6 26. Re3 Re8 27. Kf2 Re6 28. Bc3 h6 29. Rxe6 Kxe6 30. Ke1 Rc1+ 31. Bd1 h5 32. Kd2 Ra1 33. Kc2 b5 34. b4 Rxa2+ 35. Bb2 a5 36. Kb1 Rxb2+ 37. Kxb2 axb4 38. Kc2 Ke5 39. Kd3 f5 40. Ke3 g5 41. Bb3 f4+ 42. Kd3 g4 43. h4 gxh3 44. gxh3 h4 45. Ba2 Kd6 46. Kd4 Kc6 47. Bb3 Kd6 48. Bd5 Ke7 49. Kc5 Kf6 50. Kxb4 Ke5 51. Kc5 b4 52. Bb3 1-0

[Event "TUN-ch"]
[Site "Hammamet"]
[Date "2016.12.09"]
[Round "8"]
[White "Charfeddine, Akrem"]
[Black "Hbacha, Achraf"]
[Result "0-1"]
[WhiteElo "1978"]
[BlackElo "2057"]
[PlyCount "150"]
[EventDate "2016.12.05"]
[EventType "swiss"]
[EventRounds "9"]
[EventCountry "TUN"]
[SourceTitle "CBM 176 Extra"]
[Source "ChessBase"]
[SourceDate "2017.03.02"]
[SourceVersion "1"]
[SourceVersionDate "2017.03.02"]
[SourceQuality "1"]

1. e4 g6 2. d4 Bg7 3. Be3 c5 4. c3 Nf6 5. f3 d5 6. e5 Nfd7 7. Qd2 e6 8. h4 h5 9. Na3 a6 10. Bd3 Nc6 11. Ne2 b5 12. b4 cxd4 13. cxd4 Nb6 14. Bg5 Qd7 15. Rb1 Bb7 16. 0-0 Ne7 17. g4 Nc4 18. Qc1 Rc8 19. Nc2 Qc7 20. Qf4 Rg8 21. Rf2 Nc6 22. Rb3 Ra8 23. gxh5 gxh5 24. Rg2 Ne7 25. Rc3 Ng6 26. Qc1 Bf8 27. Ng3 Be7 28. Nxh5 Nxh4 29. Bxh4 Rxg2+ 30. Kxg2 Bxh4 31. Qf4 Qd8 32. Ng7+ Kd7 33. Qxf7+ Qe7 34. Qxe7+ Bxe7 35. Nh5 Rg8+ 36. Kf1 Rh8 37. Bg6 Rg8 38. Bd3 Nd2+ 39. Ke2 Rg2+ 40. Ke3 Nc4+ 41. Bxc4 dxc4 42. a3 Rh2 43. Ng3 Rh3 44. Ne4 Bf8 45. Nf6+ Ke7 46. Kf4 Bh6+ 47. Kg4 Rh1 48. Ng8+ Kf7 49. Nxh6+ Rxh6 50. a4 Rg6+ 51. Kf4 Rg1 52. axb5 axb5 53. Ra3 Kg6 54. Ra5 Rf1 55. Ra3 Rf2 56. Rc3 Rf1 57. Kg3 Rb1 58. Kf4 Bc6 59. Ke3 Kf5 60. Kd2 Kf4 61. Re3 Bxf3 62. Re1 Rb3 63. Rf1 Rd3+ 64. Kc1 Ke4 65. Re1+ Kd5 66. Rg1 Be4 67. Ne1 Rc3+ 68. Kd2 Kxd4 69. Rg4 Rb3 70. Nc2+ Kxe5 71. Rg5+ Bf5 72. Ne1 Rxb4 73. Rg1 Rb2+ 74. Kc3 Rb3+ 75. Kd2 c3+ 0-1

[Event "TUN-ch"]
[Site "Hammamet"]
[Date "2016.12.07"]
[Round "4"]
[White "Nouali, Mohamed"]
[Black "Charfeddine, Akrem"]
[Result "1/2-1/2"]
[WhiteElo "2044"]
[BlackElo "1978"]
[PlyCount "103"]
[EventDate "2016.12.05"]
[EventType "swiss"]
[EventRounds "9"]
[EventCountry "TUN"]
[SourceTitle "CBM 176 Extra"]
[Source "ChessBase"]
[SourceDate "2017.03.02"]
[SourceVersion "1"]
[SourceVersionDate "2017.03.02"]
[SourceQuality "1"]

1. e4 c5 2. Nf3 d6 3. d4 cxd4 4. Nxd4 Nf6 5. Nc3 a6 6. Bc4 Qc7 7. Bb3 e6 8. g4 h6 9. Be3 Nbd7 10. Qe2 Nc5 11. f3 b5 12. a3 Nxb3 13. cxb3 Bb7 14. Rc1 Qd7 15. 0-0 Be7 16. Rfd1 Rc8 17. b4 g6 18. Nb3 h5 19. g5 Nh7 20. h4 0-0 21. e5 d5 22. Ne4 Rxc1 23. Bxc1 Qc7 24. Nf6+ Kh8 25. Nd4 Qc4 26. Qf2 Rc8 27. Be3 Qc7 28. f4 Nf8 29. Qd2 Bxf6 30. gxf6 Nd7 31. Qg2 Nf8 32. Rc1 Qd8 33. Rxc8 Qxc8 34. Qg5 Nh7 35. Qh6 Qf8 36. Qxf8+ Nxf8 37. Nb3 Kg8 38. Na5 Ba8 39. Kf2 Nd7 40. Ke2 Kf8 41. Kd3 Ke8 42. Nb3 Bb7 43. Nd4 Nb8 44. Nb3 Nd7 45. Bd4 Nb8 46. Kc3 Nd7 47. Ba7 Kd8 48. Kd4 Kc7 49. Nd2 Kd8 50. Bc5 Ke8 51. Bd6 Kd8 52. Bc5 1/2-1/2